| 000 | 00672cam a22002531 4500 | ||
|---|---|---|---|
| 001 | 28983 | ||
| 003 | BD-RjUL | ||
| 005 | 20211209051345.0 | ||
| 008 | 140401s1962 enk 000 0 eng | ||
| 035 | _a(BD-RjUL)29067 | ||
| 035 | _a(OCoLC)654286 | ||
| 040 |
_aDLC _cOAU _dUk _dDLC _dBD-RjUL _beng |
||
| 041 | _aeng | ||
| 082 |
_a136.52 _bWAC 1962 |
||
| 100 | 1 |
_aWallis, J. H. _918381 |
|
| 245 | 1 | 4 |
_aThe challenge of middle age / _c J H Wallis. |
| 260 |
_aLondon : _bRoutledge & K. Paul, _cc1962. |
||
| 300 |
_aix, 147 p. ; _c20 cm. |
||
| 650 | 0 |
_aSex. _988538 |
|
| 650 | 0 |
_aMiddle age. _920096 |
|
| 942 |
_2ddc _cBK |
||
| 999 |
_c28983 _d28983 |
||